15 meistgesprochene Sprachen (anhand der Gesamtsprecher) - Statistiken

Allgemein
  • Dieses Quiz wurde 7 mal gespielt
  • Das Durchschnittsergebnis liegt bei 9 aus 15
Antwortstatistiken
Rang Gesamtsprecher Sprache % Korrekt
12. 160 Mio. Deutsch
100%
1. 1.453 Mio. Englisch
100%
6. 274 Mio. Hocharabisch
86%
13. 125 Mio. Japanisch
86%
8. 258 Mio. Russisch
86%
4. 559 Mio. Spanisch
86%
5. 274 Mio. Französisch
71%
3. 610 Mio. Hindi
71%
9. 258 Mio. Portugiesisch
71%
11. 199 Mio. Indonesisch
57%
10. 231 Mio. Urdu
57%
2. 1.118 Mio. Mandarin-Chinesisch
43%
7. 273 Mio. Bengalisch
29%
15. 99 Mio. Marathi
0%
14. 121 Mio. Nigerianisches Pidgin
0%
Keine übereinstimmenden Quizze gefunden
Verteilung der Resultate
Anzahl Personen mit jedem Resultat
Perzentil nach korrekt beantworteten Fragen
Ihre Resultats-Entwicklung
Sie haben dieses Quiz noch nicht gespielt